000 00890cam a2200301 a 4500
999 _c6087
_d6087
001 6087
003 BD-JhCC
005 20180102102825.0
008 731212s1967 nyua b 001 0 eng
035 _aCONN82167
035 _a(BD-JhCC)6087
035 _a35033
040 _aDLC
_cDLC
_dUkCU
041 _aeng
050 0 0 _aQA264
_b.D8
082 _a519/.92
_bDFF 1967
100 1 _aDuffin, Richard James,
_d1909-
245 1 0 _aGeometric programming :
_btheory and application /
_cRichard J. Duffin; Elmor L. Peterson and Clarence Zener.
260 _aNew York ;
_aLondon :
_bWiley,
_cc1967.
300 _axi, 278 p. :
_bill. ;
_c24 cm.
504 _aIncludes bibliographical references and index.
650 0 _aGeometric programming.
650 0 _aEngineering design.
700 1 _aPeterson, Elmor L.
700 1 _aZener, Clarence,
_d1905-
942 _2ddc
_cBK